Представление документа в формате RUSMARC

ПолеНазваниеЗначение
  Тип записи a
  Библиографический уровень m
001 Контрольный номер cba093f60efc461a83981349361717a1
005 Дата корректировки 20260429162510.7
010 Индекс ISBN __
a ISBN 978-5-04-188924-1
9 Тираж 10000 экз.
100 Данные общей обработки __
a Данные общей обработки 20260420d2024 m y0rusy028902 ca
101 Язык документа 0_
a Язык текста rus
102 Страна публикации __
a Страна публикации RU
105 Кодированные данные (монография) __
a Кодированные данные (монография) a z 000yy
181 Поле кодированных данных: вид содержания _0
a Код вида содержания (ISBD) i
182 Поле кодированных данных: тип средства _0
a Код типа средства (ISBD) n
200 Заглавие и сведения об ответственности 1_
a Заглавие Роман с самим собой
f Первые сведения об ответственности Татьяна Мужицкая
g Последующие сведения об ответственности литературная запись текста - Мария Огаркова
e Сведения, относящиеся к заглавию как уравновесить внутренние ян и инь и не отвлекаться на всякую хрень
203 Вид содержания и тип средства __
a Вид содержания Текст
c Тип средства непосредственный
210 Выходные данные 1_
a Место издания Москва
c Издательство Эксмо
c Издательство Бомбора
d Дата издания 2024
215 Физическое описание __
a Объем 316, [1] с.
d Формат 20 см
225 Серия 2_
a Серия Кофебук
i Наименование части Книги, которые бодрят и согревают
330 Аннотация __
a Аннотация Как избавиться от негативного шума в голове, принять себя, перестать сомневаться в будущем и излучать в мир счастье и позитив? Татьяна Мужицкая, известный психолог и бизнес-тренер, поделится техниками, как соединить в себе энергии иня и яна: отдаться на волю обстоятельств, и одновременно трансформировать мир, наполнив его собой. Эта книга научит вас принимать подарки от Вселенной, получать удовольствие от жизни и любить себя в каждом своем проявлении.
333 Примечание о целевом назначении __
a Примечание о целевом назначении 16+. Для детей старше 16 лет
540 Дополнительное заглавие, сделанное каталогизатором 10
a Дополнительное заглавие, сделанное каталогизатором Как уравновесить внутренние ян и инь и не отвлекаться на всякую хрень
606 Тематические рубрики __
a Основная рубрика Психология
2 Код системы nlr_sh
606 Тематические рубрики __
2 Код системы nlr_sh
a Основная рубрика Социальная психология
610 Ключевые слова 0_
a Ключевые слова популярная психология
610 Ключевые слова 0_
a Ключевые слова саморазвитие
610 Ключевые слова 0_
a Ключевые слова самосовершенствование
610 Ключевые слова 0_
a Ключевые слова психогигиена
610 Ключевые слова 0_
a Ключевые слова психологическое здоровье
610 Ключевые слова 0_
a Ключевые слова работа над собой
610 Ключевые слова 0_
a Ключевые слова любовь к себе
610 Ключевые слова 0_
a Ключевые слова эмоциональный интеллект
686 Индексы других классификаций __
2 Код системы rubbks
a Классификационный индекс 88.532
700 Автор _1
a Фамилия Мужицкая
b Имя Т. В.
g Полное личное имя Татьяна Владимировна
f Даты 1972-
4 Код отношения 070
702 Вторичная интеллектуальная ответственность _1
a Фамилия Огаркова
b Имя М.
g Полное личное имя Мария
4 Код отношения 010
801 Источник записи _0
b Организация Муниципальное бюджетное учреждение культуры "Централизованная библиотечная система" г. Сургут (Центральная городская библиотека им. А. С. Пушкина)
a Страна RU
c Дата составления 20260420
g Правила каталогизации PSBO
801 Источник записи _1
b Организация Муниципальное бюджетное учреждение культуры "Централизованная библиотечная система" г. Сургут (Центральная городская библиотека им. А. С. Пушкина)
a Страна RU
c Дата составления 20260420
g Правила каталогизации PSBO
852 Данные о местонахождении 5_
j Шифр хранения 88.532
i Авторский знак М 89
900 Макрообъекты __
a Макрообъекты Роман с самим собой. Мужицкая, Т.В., 2024
901 Тип документа __
a Ответственный КиК/Обаева
t Тип документа m
901 Тип документа __
a Ответственный 5 партия
903 Характеристики (МАРС) __
a Дата передачи 20260420
c Наименование библиотеки (МАРС) Муниципальное бюджетное учреждение культуры "Централизованная библиотечная система" г. Сургут (Центральная городская библиотека им. А. С. Пушкина)